000 00639nam a2200193Ia 4500
008 090123s9999 xx 000 0 und d
082 _b28824
100 _aजोशी मधुकर
245 _aसमग्र समर्थ साहित्य
250 _a1
260 _bसुमंगल मुद्रण
_c1998
300 _a912
600 _aजोशी मधुकर
630 _aसमग्र समर्थ साहित्य
700 _aजोशी मधुकर
700 _aजोशी मधुकर
730 _aसमग्र समर्थ साहित्य
942 _cBOOK
999 _c67405
_d67405